ბათუმის შოთა რუსთაველის სახელმწიფო უნივერსიტეტის ბიბლიოთეკა

საზღვარგარეთის ქვეყნების ეკონომიკური გეოგრაფია : (ბიბ.ჩანაწერი № 63764)

000 -ლიდერი
ფიქსირებული სიგრძის საკონტროლო ველი 01348nam a22002177a 4500
003 - საკონტროლო ნომრის იდენტიფიკატორი
საკონტროლო ველი Ge_BSU
005 - ბოლო ოპერაციის თარიღი და დრო
საკონტროლო ველი 20260109192907.0
008 - ფიქსირებული სიგრძის მონაცემთა ელემენტები - ზოგადი ინფორმაცია
ფიქსირებული სიგრძის საკონტროლო ველი 260109s1987 ge ||||| |||| 00| 0 geo d
041 ## - ენის კოდი
Language code of text/sound track or separate title geo
080 ## - უნივერსალური ათობითი კლასიფიკაციის ინდექსი
Universal Decimal Classification number 911.3:33(100)(075.3) ს-17
245 ## - ცნობა სათაურის შესახებ
Title საზღვარგარეთის ქვეყნების ეკონომიკური გეოგრაფია :
Remainder of title საშ. სკოლის მე-9 კლასის სახელმძღვ. /
Statement of responsibility, etc [ა.გ. არტემიევა, ვ.პ. მაქსაკოვსკი, ს.ნ. რაკოვსკი და სხვ.] ; ვ.პ. მაქსაკოვსკის რედ.
264 ## - წარმოების, გამოცემის, დისტრიბუციის და სხვა ცნობები
გამოცემის, წარმოების, დისტრიბუციის... ადგილი თბ. :
გამოცემის, წარმოების, დისტრიბუციის... სახელწოდება განათლება,
გამოცემის, წარმოების, დისტრიბუციის... თარიღი 1987.
300 ## - ფიზიკური აღწერა
Extent 396 გვ. ;
Other physical details 21 სმ.
653 ## - INDEX TERM--UNCONTROLLED
Uncontrolled term საზღვარგარეთის ქვეყნების ეკონომიკური გეოგრაფია
700 ## - ADDED ENTRY--PERSONAL NAME
Personal name არტემიევა, ა.გ.
Relator term ავტორი
9 (RLIN) 26639
700 ## - ADDED ENTRY--PERSONAL NAME
Personal name მაქსაკოვსკი, ვ.პ.
Relator term ავტორი
9 (RLIN) 26640
700 ## - ADDED ENTRY--PERSONAL NAME
Personal name რაკოვსკი, ს.ნ.
Relator term ავტორი
9 (RLIN) 26641
700 ## - ADDED ENTRY--PERSONAL NAME
Personal name სმიდოვიჩი, ი. ნ.
Relator term ავტორი
9 (RLIN) 26642
700 ## - ADDED ENTRY--PERSONAL NAME
Personal name სოლოვიოვა, მ.ბ.
Relator term ავტორი
9 (RLIN) 26643
942 ## - ADDED ENTRY ELEMENTS (KOHA)
Source of classification or shelving scheme
Koha item type წიგნი
ეგზემპლარები
ჩამოწერის სტატუსი დაკარგული ეგზემპლარის სტატუსი კლასიფიკაციის წყარო ან თაროზე გაწყობის სქემა დაზიანების სტატუსი არ გაიცემა მუდმივი მდებარეობა (დაცვის ადგილი) ამჟამინდელი ადგილსამყოფელი თაროზე განთავსების ადგილი შეძენის თარიღი ღირებულება, შესყიდვის ნორმალური ფასი სრული შენახვის შიფრი შტრიხკოდი ბოლო ოპერაციის თარიღი ეგზემპლარის მიმდევრობითი ნომერი (კეტერი?) ფასის ძალაში შესვლის თარიღი ეგზემპლარის სახეობა საჯარო შენიშვნა
          ბათუმის შოთა რუსთაველის სახელმწიფო უნივერსიტეტის მთავარი ბიბლიოთეკა ბათუმის შოთა რუსთაველის სახელმწიფო უნივერსიტეტის მთავარი ბიბლიოთეკა წიგნსაცავი 2026-01-09 1.30 911.3:33(100)(075.3) ს-17 73411 2026-01-09 73411 2026-01-09 წიგნი 1ლ. 30 თ.
          ბათუმის შოთა რუსთაველის სახელმწიფო უნივერსიტეტის მთავარი ბიბლიოთეკა ბათუმის შოთა რუსთაველის სახელმწიფო უნივერსიტეტის მთავარი ბიბლიოთეკა წიგნსაცავი 2026-01-09 1.30 911.3:33(100)(075.3) ს-17 73412 2026-01-09 73412 2026-01-09 წიგნი 1ლ. 30 თ.